03041cam a2200205 i 4500020002900000040000800029082002600037100002000063245008800083300002600171520121800197520120901415650002302624650002902647650001602676650004602692650003902738650003902777700001902816 a9781625275097 (hardback) cDLC00a658 ROB 2015 A113 Or.1 aGoffee, Robert.10aWhy should anyone work here? :bwhat it takes to create an authentic organization / ax, 234 pages ;c25 cm a"It used to be that businesses could ask individuals to conform to the organization's needs. But now leaders are charged with creating the best company on earth to work for: they must transform their organizations to attract the right people, keep them, and inspire them to do their best work. In Why Should Anyone Work Here? Rob Goffee and Gareth Jones identify the six key organizational attributes to do just that. In separate chapters, they delve deeply into each one: 1. Let people be themselves 2. Practice radical honesty 3. Magnify people's strengths 4. Stand for authenticity (more than shareholder value) 5. Make work meaningful 6. Make simple rules With vivid stories and examples, the authors illustrate the kind of strong, attractive workplace culture that leads to sustained high performance. They also provide ways of assessing how your company is doing, and describe the tensions and trade-offs that leaders must manage as they transform their organizations. Why Should Anyone Work Here? is the question all contemporary organizational leaders must constantly ask themselves if they want to survive and thrive in the new world. This is the book that will help them answer that question"-- a"It used to be that businesses could ask individuals to conform to the organization's needs. But now leaders are charged with creating the best company on earth to work for: they must transform their organizations to attract the right people, keep them, and inspire them to do their best work. In Why Should Anyone Work Here? Rob Goffee and Gareth Jones identify the six key organizational attributes to do just that. In separate chapters, they delve deeply into each one: 1. Let people be themselves 2. Practice radical honesty 3. Magnify people's strengths 4. Stand for authenticity (more than shareholder value) 5. Make work meaningful 6. Make simple rules With vivid stories and examples, the authors illustrate the kind of strong, attractive workplace culture that leads to sustained high performance. They also provide ways of assessing how your company is doing, and describe the tensions and trade-offs that leaders must manage as they transform their organizations. Why Should Anyone Work Here? is the question all contemporary organizational leaders must constantly ask themselves if they want to survive and thrive in the new world. This is the book that will help them answer that question"-- 0aCorporate culture. 0aOrganizational behavior. 0aLeadership. 7aBUSINESS & ECONOMICS / Workplace Culture. 7aBUSINESS & ECONOMICS / Leadership. 7aBUSINESS & ECONOMICS / Management.1 aJones, Gareth,